Country Quiz: Gambia 🇬🇲 - Statistics

General Stats
  • This quiz has been taken 13 times
  • The average score is 15 of 24
Answer Stats
Hint Answer % Correct
Capital Banjul
100%
Bordering Oceans Atlantic ocean
88%
Language English
88%
Nationality Gambian
88%
Main Religion Islam
88%
Bordering Country Senegal
88%
Climate Tropical
88%
Independence 1965
75%
Time zones 1 (UTC 0)
75%
State-Condition Republic
75%
Between 1894-1960s, Gambia was a protectorate of this country United Kingdom
75%
In Gambia, this controversial form of penalty is allowed Capital Punishment
63%
Currency Dalasi
63%
In Gambia, this human right is criminalised Homosexuality
63%
Current Leader (2017-) Adama Barrow
50%
Main River Gambia river
50%
Between 1982-89, Gambia and this fellow country aligned under this confederation Senegambia
50%
Infamous Leader (1994-2017) Yayah Jammeh
50%
Founding Father and Most Famous Leader (1962-70 and 1970-94) Dawda Jawara
38%
Second-Largest City Serekunda
38%
National Sport The Borey / Traditional Wrestling
38%
In 1455, this Portuguese explorer became the first European to arrive in Gambia Alvise Ca’ da Mosto
13%
National Animal Hyena
13%
For decades, people in Gambia used ________ instead of ballot papers when voting in elections Marbles
13%
No matching quizzes found
Score Distribution
Percent of People with Each Score
Percentile by Number Answered
Your Score History
You have not taken this quiz